Countries States Capitals Elements Words - ending with S - Statistics

General Stats
  • This quiz has been taken 1,344 times
  • The average score is 29 of 46
Answer Stats
ANSWER % Correct
Marshall Islands
86%
Saint Kitts and Nevis
85%
Solomon Islands
84%
Saint Vincent and the Grenadines
79%
Us
79%
Seychelles
78%
Arkansas
77%
Comoros
77%
Tunis
74%
Bahamas
73%
Caracas
72%
Castries
71%
Kansas
70%
Damascus
69%
Vilnius
69%
Athens
67%
Barbados
67%
Laos
67%
Algiers
66%
Netherlands
65%
United Arab Emirates
65%
Brussels
64%
Paris
64%
As
63%
Illinois
63%
Philippines
62%
Saint John's
62%
Maldives
60%
Saint George's
60%
This
60%
Mauritius
59%
Buenos Aires
57%
Massachusetts
57%
United States
57%
Belarus
56%
Texas
54%
Honduras
53%
Its
51%
Phosphorus
50%
Annapolis
49%
His
48%
Cyprus
47%
Indianapolis
46%
Port Louis
42%
Des Moines
37%
Columbus
30%
No matching quizzes found
Score Distribution
Percent of People with Each Score
Percentile by Number Answered
Your Score History
You have not taken this quiz